| 000 | 00355nam a22001217a 4500 | ||
|---|---|---|---|
| 040 | _cNUST | ||
| 082 |
_221st _a172.42 _bFRO |
||
| 100 |
_aFrowe, Hellen _9129355 |
||
| 245 |
_aThe Ethics of War and Peace/ _cHellen Frowe |
||
| 260 |
_aRawalpindi : _bServices Book Club, _c2013. |
||
| 300 |
_ax, 244p. : _c26cm. |
||
| 942 |
_2ddc _cBK _h172.42 |
||
| 999 |
_c614049 _d614049 |
||